All Legendary Skylanders - Statistics

General Stats
  • This quiz has been taken 69 times
  • The average score is 21 of 27
Answer Stats
Hint Answer % Correct
SSA Spyro
98%
SSA Chop Chop
96%
SSA Trigger Happy
94%
SSA Bash
92%
Giants Bouncer
92%
Giants Stealth Elf
90%
Giants Jet Vac
85%
SWAP FORCE Night Shift
85%
Trap Team Jawbreaker
83%
Giants Chill
81%
SWAP FORCE Free Ranger
81%
Trap Team Bushwhack
79%
Giants Ignitor
79%
Trap Team Blades
77%
Trap Team Deja Vu
77%
SWAP FORCE Grim Creeper
77%
SWAP FORCE Zoo Lou
77%
Imaginators Pit Boss
75%
Giants Slam Bam
75%
Imaginators Tri Tip
73%
SuperChargers Astroblast
71%
Imaginators (creation crystal) Light
67%
SuperChargers Hurricane Jet Vac
65%
Imaginators (creation crystal) Life
65%
Imaginators (creation crystal) Magic
65%
SuperChargers Bone Bash Roller Brawl
60%
SuperChargers (Vehicle) Sun Runner
58%
No matching quizzes found
Score Distribution
Percent of People with Each Score
Percentile by Number Answered
Your Score History
You have not taken this quiz